| 000 | 00765 a2200205 4500 | ||
|---|---|---|---|
| 001 | 39398 | ||
| 005 | 20260407155652.0 | ||
| 008 | 260407a1978 arg spa d | ||
| 003 | AR-UNSa-BCEJYS | ||
| 040 |
_aAR-UNSa-BCEJYS _bspa _cAR-UNSa-BCEJYS |
||
| 080 |
_a347.61 _xLa familia |
||
| 245 | 1 | 0 |
_aDerecho civil _pDerecho de familia |
| 264 | 1 |
_aBuenos Aires : _bAstrea _c1978 |
|
| 300 |
_a899 p. _c23 cm. |
||
| 505 | _aVol. II: 15. Disolución del vínculo matrimonial - 16. El divorcio en el derecho argentino - 17. Concubinato - 18. Filiación legítima - 19. Filiación extramatrimonial - 20. Adopción - 21. Patria Potestad - 22. Tutela de menores | ||
| 041 | _aspa | ||
| 942 | _cBK | ||
| 590 | _aniveau_biblio:m niveau_hierar:0 | ||
| 100 | 1 | _aZannoni, Eduardo A. | |
| 999 |
_c3038 _d3038 |
||